| 000 | 00875nmm a2200289 a 4500 | ||
|---|---|---|---|
| 001 | ocm000573909 | ||
| 003 | TR-IsHL | ||
| 005 | 20201028122025.0 | ||
| 008 | 110704s2003 tu tur | ||
| 007 | cr cn | ||
| 020 | _a9789757958666 | ||
| 035 |
_a573909 _b(N$T) |
||
| 050 | 0 | 4 |
_aWF985 _b.T67 2003 |
| 090 | 0 | 4 |
_aWF985 _b.T67 2003 |
| 245 | 1 | 0 |
_aToraks travmaları _h[electronic resource] / _ced. Mustafa Yüksel, Güven Çetin |
| 250 | _a1. bs. | ||
| 260 |
_aİstanbul : _bAvrupa Tıp Kitapçılık, _c2003 |
||
| 300 | _a438 p. | ||
| 650 | 4 | _aTıp | |
| 650 | 4 | _aMedicine | |
| 650 | 0 | _aToraks Yaralanmaları | |
| 650 | 0 | _aThoracic Injuries | |
| 650 | 7 |
_aMEDICAL / Surgery / Thoracic _2bisacsh |
|
| 700 | 1 | _aYüksel, Mustafa | |
| 700 | 1 | _aÇetin, Güven | |
| 856 | 4 | 0 | _uhttp://search.ebscohost.com/login.aspx?direct=true&scope=site&db=e011xww&AN=573909 |
| 999 |
_c1645 _d1645 |
||